| 000 | 00577nam a2200133Ia 4500 | ||
|---|---|---|---|
| 008 | 171212s9999 xx 000 0 und d | ||
| 020 | _a9781922144355 | ||
| 100 | _aVijaya Nagarajan, | ||
| 245 |
_cVijaya Nagarajan, _aDiscretion and Public Benefit in a Regulatory Agency _bThe Australian Authorisation Process |
||
| 260 |
_bANU E Press _c2013 |
||
| 650 | _aAustralian Competition and Consumer Commission; Administrative agencies -- Australia; Independent regulatory commissions -- Australia | ||
| 650 | _aPolitical Science | ||
| 856 | _uwww.jstor.org/stable/10.2307/j.ctt46n30s | ||
| 999 |
_c351083 _d351083 |
||